Online
Catalog

Francisco de Toledo : (Record no. 40754)

MARC details
000 -CABECERA
campo de control de longitud fija 01157nam a2200229 a 4500
001 - NÚMERO DE CONTROL
campo de control 000041264
005 - FECHA Y HORA DE LA ÚLTIMA TRANSACCIÓN
campo de control 20201002034734.0
008 - DATOS DE LONGITUD FIJA--INFORMACIÓN GENERAL
campo de control de longitud fija 130927s1989 sp 001 0 spa d
020 ## - NÚMERO INTERNACIONAL ESTÁNDAR DEL LIBRO
Número Internacional Estándar del Libro 8400070917
040 ## - FUENTE DE LA CATALOGACIÓN
Centro catalogador/agencia de origen DO-SdBNP
Lengua de catalogación spa
Centro/agencia transcriptor BNPHU
245 00 - MENCIÓN DE TÍTULO
Título Francisco de Toledo :
Resto del título disposiciones gubernativas para el Virreinato del Perú 1575-1580 /
Mención de responsabilidad, etc. introducción, Guillermo Lohmann Villena ; transcripción, Mª Justina Sarabia Viejo Cortes de Cadiz.
260 ## - PUBLICACIÓN, DISTRIBUCIÓN, ETC.
Lugar de publicación, distribución, etc. Madrid :
Nombre del editor, distribuidor, etc. Escuela de Estudios Hispano-Americanos : Monte de Piedad y Caja de Ahorros,
Fecha de publicación, distribución, etc. 1989.
300 ## - DESCRIPCIÓN FÍSICA
Extensión v. ;
Dimensiones 24 cm.
490 1# - MENCIÓN DE SERIE
Mención de serie Publicaciones de la Escuela de Estudios Hispanoamericanos de Sevilla ;
505 2# - NOTA DE CONTENIDO CON FORMATO
Nota de contenido con formato v. 1
Título Disposiciones gubernativas para el Virreinato del Perú 1574-1574
500 ## - NOTA GENERAL
Nota general Incluye índice
500 ## - NOTA GENERAL
Nota general Precede al título .: Publicación conmemorativa del V Centenario del Descubrimiento de América
700 1# - PUNTO DE ACCESO ADICIONAL--NOMBRE DE PERSONA
Nombre de persona Lohmann Villena, Guillermo
9 (RLIN) 3144
700 1# - PUNTO DE ACCESO ADICIONAL--NOMBRE DE PERSONA
Nombre de persona Sarabia Viejo, María Justina
9 (RLIN) 67873
710 2# - PUNTO DE ACCESO ADICIONAL--NOMBRE DE ENTIDAD CORPORATIVA
Nombre de entidad corporativa o nombre de jurisdicción como elemento de entrada Escuela de Estudios Hispano-Americanos (España)
9 (RLIN) 67874
830 #0 - PUNTO DE ACCESO ADICIONAL DE SERIE-TÍTULO UNIFORME
Título uniforme Publicaciones de la Escuela de Estudios Hispanoamericanos de Sevilla
9 (RLIN) 67875
Holdings
Estado de retiro Estado de pérdida Restricciones de uso No para préstamo Código de colección Localización permanente Ubicación/localización actual Ubicación en estantería Fecha de adquisición Número de inventario Total de préstamos Signatura topográfica completa Código de barras Fecha visto por última vez Precio válido a partir de Tipo de ítem Koha
      Excluido de préstamo Monografías: Libros y Folletos General General En catalogación 27.09.2013 LF1   v. 1 41264-10 25.06.2020 25.06.2020 No se presta
      Excluido de préstamo Monografías: Libros y Folletos General General En catalogación 29.01.2014 LF1   v. 2 41264-20 25.06.2020 25.06.2020 No se presta

Powered by Koha